[Event "FRA-chT U18 9798"]
[Site "France"]
[Date "1997.??.??"]
[Round "10"]
[White "Henneteau, Jeremie"]
[Black "Stenel, Vincent"]
[Result "1/2-1/2"]
[WhiteElo "1670"]
[BlackElo "1740"]
[PlyCount "125"]
[EventDate "1997.??.??"]
[EventType "team"]
[EventRounds "11"]
[EventCountry "FRA"]
[SourceTitle "EXT 2001"]
[Source "ChessBase"]
[SourceDate "2000.11.22"]
[SourceVersion "1"]
[SourceVersionDate "2000.11.22"]
[SourceQuality "1"]

1. d4 Nf6 2. Nf3 e6 3. g3 b6 4. Bg2 Bb7 5. Bf4 Bb4+ 6. c3 Be7 7. 0-0 0-0 8. Nbd2 Ne4 9. Nxe4 Bxe4 10. Nd2 Bxg2 11. Kxg2 d5 12. Qc2 c5 13. Rac1 Nc6 14. Nf3 Rc8 15. Qd3 Bf6 16. Ne5 Qe7 17. Nxc6 Rxc6 18. a3 Rfc8 19. Bd2 g6 20. Rfe1 cxd4 21. cxd4 Rc4 22. e3 a5 23. Qb3 Rxc1 24. Rxc1 Rxc1 25. Bxc1 Qc7 26. Bd2 Qc6 27. Qc3 Qc4 28. Qxc4 dxc4 29. a4 Kf8 30. Bc3 Ke7 31. Kf3 Kd6 32. e4 Bd8 33. Ke3 Kc6 34. Kd2 b5 35. axb5+ Kxb5 36. Kc2 g5 37. g4 Be7 38. Bd2 a4 39. f3 h6 40. h3 a3 41. bxa3 Bxa3 42. Be1 Bd6 43. h4 Bf4 44. hxg5 hxg5 45. Bf2 Kb4 46. Be1+ Kb5 47. Bf2 Bd6 48. e5 Be7 49. Be3 Kc6 50. Kc3 Kd5 51. Bf2 Bd8 52. Be3 f6 53. exf6 Bxf6 54. Bf2 e5 55. dxe5 Bxe5+ 56. Kc2 Bd4 57. Bg3 Be3 58. Kc3 Kc5 59. Be5 Kd5 60. Bg3 Bd4+ 61. Kc2 Be5 62. Bf2 Bc7 63. Be3 1/2-1/2

[Event "FRA-chT U18"]
[Site "France"]
[Date "1996.??.??"]
[Round "1"]
[White "Bodson, Jordane"]
[Black "Stenel, Vincent"]
[Result "1-0"]
[WhiteElo "1610"]
[BlackElo "1820"]
[PlyCount "146"]
[EventDate "1996.??.??"]
[EventType "team"]
[EventRounds "11"]
[EventCountry "FRA"]
[SourceTitle "EXT 2001"]
[Source "ChessBase"]
[SourceDate "2000.11.22"]
[SourceVersion "1"]
[SourceVersionDate "2000.11.22"]
[SourceQuality "1"]

1. e4 e6 2. d4 d5 3. exd5 exd5 4. c4 c6 5. Nc3 Nf6 6. Bd3 Bg4 7. f3 Be6 8. c5 g6 9. Nge2 Bg7 10. 0-0 0-0 11. Bf4 Re8 12. b4 Qd7 13. Qc2 Nh5 14. Be5 Bxe5 15. dxe5 Ng7 16. Nd4 Qe7 17. f4 Bd7 18. Rae1 a5 19. a3 axb4 20. axb4 Na6 21. Qb1 Nxc5 22. bxc5 Qxc5 23. Nce2 Ra4 24. Kh1 Rxd4 25. Nxd4 Qxd4 26. Qxb7 Bc8 27. Qb1 Nf5 28. Bxf5 Bxf5 29. Qa1 Qxa1 30. Rxa1 Bd3 31. Rf3 Bc4 32. Ra7 Kf8 33. Rc7 Bb5 34. Ra3 f6 35. Raa7 fxe5 36. Rf7+ Kg8 37. Rg7+ Kh8 38. Rxh7+ Kg8 39. fxe5 Rxe5 40. h3 g5 41. Rhc7 Re8 42. Rg7+ Kh8 43. Rxg5 d4 44. Rd7 d3 45. Rd6 Kh7 46. Rxb5 Re1+ 47. Kh2 cxb5 48. Rxd3 Rb1 49. Rd7+ Kg6 50. Rb7 b4 51. Rb5 b3 52. g4 Rb2+ 53. Kg3 Rb1 54. Rb6+ Kg7 55. g5 b2 56. Kg2 Kh7 57. h4 Kg7 58. h5 Kh7 59. Rb7+ Kg8 60. g6 Rc1 61. Rxb2 Rc5 62. Rb8+ Kg7 63. Rb7+ Kg8 64. Rh7 Rc2+ 65. Kf3 Rc4 66. h6 Rc6 67. Rg7+ Kh8 68. Kf4 Rc5 69. Rd7 Rc8 70. Kf5 Rf8+ 71. Ke6 Ra8 72. Kf6 Rf8+ 73. Ke7 Ra8 1-0

[Event "FRA-chT U18"]
[Site "France"]
[Date "1996.??.??"]
[Round "4"]
[White "Greter, Guillaume"]
[Black "Stenel, Vincent"]
[Result "1/2-1/2"]
[WhiteElo "1630"]
[BlackElo "1610"]
[PlyCount "68"]
[EventDate "1996.??.??"]
[EventType "team"]
[EventRounds "11"]
[EventCountry "FRA"]
[SourceTitle "EXT 2001"]
[Source "ChessBase"]
[SourceDate "2000.11.22"]
[SourceVersion "1"]
[SourceVersionDate "2000.11.22"]
[SourceQuality "1"]

1. e4 e6 2. d4 d5 3. Nd2 dxe4 4. Nxe4 Nd7 5. Nf3 Ngf6 6. Nc3 Be7 7. Bc4 0-0 8. 0-0 Nb6 9. Bb3 Bd7 10. Re1 Bc6 11. Ne5 Bd5 12. Nxd5 Nbxd5 13. c3 c6 14. Bg5 Qc7 15. Ng4 Rfd8 16. Nxf6+ Bxf6 17. Bxf6 Nxf6 18. Qf3 Qb6 19. Qe2 Nd5 20. Rad1 h6 21. h3 Rd7 22. Bc2 Rad8 23. Be4 Qa5 24. Bb1 b5 25. Qd2 Qb6 26. Qc2 Nf6 27. Re5 Rd5 28. Rde1 a5 29. Rxd5 cxd5 30. Qd2 Rc8 31. Bd3 Ne8 32. Qe2 Nd6 33. Rc1 Nc4 34. Rc2 Nd6 1/2-1/2

[Event "FRA-chT U18"]
[Site "France"]
[Date "1996.??.??"]
[Round "2"]
[White "Stenel, Vincent"]
[Black "Duchene, Nathalie"]
[Result "1/2-1/2"]
[WhiteElo "1610"]
[BlackElo "1700"]
[PlyCount "31"]
[EventDate "1996.??.??"]
[EventType "team"]
[EventRounds "11"]
[EventCountry "FRA"]
[SourceTitle "EXT 2001"]
[Source "ChessBase"]
[SourceDate "2000.11.22"]
[SourceVersion "1"]
[SourceVersionDate "2000.11.22"]
[SourceQuality "1"]

1. e4 d6 2. d4 Nf6 3. Nc3 e5 4. dxe5 dxe5 5. Qxd8+ Kxd8 6. Bc4 Be6 7. Bxe6 fxe6 8. Nf3 Bd6 9. Be3 a6 10. 0-0-0 Ke7 11. a3 Nbd7 12. Nd2 Ng4 13. Bg5+ Ngf6 14. Be3 Ng4 15. Bg5+ Ngf6 16. Be3 1/2-1/2

[Event "FRA-chT U18"]
[Site "France"]
[Date "1996.??.??"]
[Round "7"]
[White "Stenel, Vincent"]
[Black "Goldsztejn, Gildas"]
[Result "1/2-1/2"]
[WhiteElo "2190"]
[BlackElo "1610"]
[PlyCount "58"]
[EventDate "1996.??.??"]
[EventType "team"]
[EventRounds "11"]
[EventCountry "FRA"]
[SourceTitle "EXT 2001"]
[Source "ChessBase"]
[SourceDate "2000.11.22"]
[SourceVersion "1"]
[SourceVersionDate "2000.11.22"]
[SourceQuality "1"]

1. e4 c5 2. Nc3 Nc6 3. g3 g6 4. Bg2 Bg7 5. d3 e6 6. f4 Nge7 7. Be3 Qa5 8. Qd2 0-0 9. Nd1 Qb6 10. Nf3 d5 11. 0-0 Rd8 12. Qf2 d4 13. Bd2 Qc7 14. Qe2 b6 15. Nf2 Bb7 16. e5 h5 17. Ne4 Nf5 18. Bh3 Nce7 19. Kf2 Rac8 20. b3 b5 21. a4 b4 22. Rad1 Bf8 23. Nf6+ Kg7 24. Ng5 Qc6 25. Rg1 Ne3 26. Nxh5+ Kg8 27. Nf6+ Kg7 28. Nh5+ Kg8 29. Nf6+ Kg7 1/2-1/2